| 000 | 00344nam a22001217a 4500 | ||
|---|---|---|---|
| 008 | 170216b xxu||||| |||| 00| 0 eng d | ||
| 050 | _aJA1.P63(1968-69 Vol.16-17) | ||
| 245 | _aPolitical Studies. / | ||
| 260 |
_aLondon: _bOxford Univ. Press _c1968-69. |
||
| 300 |
_aviii,502p. ,viii,517p.: _c24cm. |
||
| 700 | _aPeter Campbell. | ||
| 942 |
_2lcc _cBK |
||
| 999 |
_c6275 _d13775 |
||